00436 2200181 4500001002100000005001500021008004100036020001800077035001900095041000700114082001400121090001400135100002200149245002600171250000600197260003400203300001700237INLIS00000000001162020241224114220241224||||||||| | ||| |||| || |  a979-407-392-X 0010-1224011620 aid0 a813 SUT m a813 SUT m0 aRusman Sutiasumar00aMusim Rontok Di Tokyo a1 aJakartabBalai Pustaka.c1995 a100hlm,;21cm